Statistiques concernant Yu-Gi-Oh - Personnages

Cliquez ici pour prendre le quiz!

Statistiques générales

  • Ce quiz a été pris 615 fois
    (377 depuis la dernière actualisation)
  • Le résultat moyen est 11 sur 33

Statistiques - réponses

Réponses% Correct
1Yugi
100%
6Kaiba
91%
3Joey
88%
22Pegasus
74%
4Tristan
70%
5Tea
68%
9Mai
65%
2Atem / Yami Yugi
58%
8Bakura
55%
7Makuba
51%
15Marik
49%
12Insector Haga
47%
13Rex Raptor
44%
19Bandit Ken
32%
17Odion
28%
16Shizu
27%
14Mako Tsunami
26%
31Salomon Muto
18%
10Sérénity
18%
11Duke
17%
25Noah
15%
26Dartz
14%
27Raphaël
14%
33Rebecca
12%
20Bonz
11%
24Arkana
10%
21Esparo
10%
18Shadi
9%
23Frères Paradoxe
6%
29Alister
5%
28Valon
4%
30Zork
3%
32Arthur Hawkins
2%

Distribution des résultats

Percentile par nombre de réponses

% des personnes avec chaque résultat

Votre développement - résultats

Vous n’avez pas pris ce quiz depuis la dernière actualisation